20 стран с наибольшим количеством русскоговорящих - Statistics

General Stats
  • This quiz has been taken 591 times
  • The average score is 17 of 20
Answer Stats
% # Answer % Correct
85.7 118.5млн Россия
100%
29.6 14.2млн Украина
99%
70.2 6.6млн Беларусь
98%
21.2 3.8млн Казахстан
98%
2.1 720тыс Узбекистан
91%
33.8 698тыс Латвия
91%
6.8 190тыс Литва
91%
0.3 900тыс США
90%
8.9 482тыс Кыргызстан/Киргизия
89%
29.6 383тыс Эстония
89%
1.2 45тыс Грузия
89%
0.5 40тыс Таджикистан
89%
1.4 122тыс Азербайджан
88%
5.4 305тыс Туркменистан/Туркмения
84%
2.8 2.2млн Германия
83%
9.7 264тыс Молдова/Молдавия
81%
0.3 112тыс Канада
72%
1.6 87тыс Финляндия
69%
15 1.1млн Израиль
43%
0.2 54тыс Австралия
37%
No matching quizzes found
Score Distribution
Percent of People with Each Score
Percentile by Number Answered
Your Score History
You have not taken this quiz